000 00707nam a2200289Ia 4500
001 60801
003 IT-RoPAU
008 130308s9999 xx 000 0 und d
040 _aIT-RoPAU
040 _cIT-RoPAU
041 _aITALIANO
100 _aGarberi Mercedes
100 _gCodice Aut. SPICS: 22116
245 _aCarrà a Milano
245 _bCarra'
250 _a1a ed.
260 _aMILANO
260 _bMazzotta
260 _c1987 [1° Ed.:1987 - Ed.Ling.Originale:1987]
300 _a"4 p. (prefazione: no ; testo: 4 [pagine: 41-44])"
650 _aAUTORI/OPERE DI PITTURA
650 _eCodice materia Spics: 5207
942 _cBK
957 _71
999 _c47914
_d47914
999 _bSI
999 _g1